000 00745nam a2200217Ia 4500
003 CO-CtgCURN
005 20250408170403.0
008 190722s9999 xx 000 0 und d
020 _a9586761665
040 _aCO-CtgCURN
_bspa
_ccoctgcurn
082 _a340.115
_bT178
100 _aTarazona Navas, Julio Alberto
245 0 _aEl estado social de derecho y la rama judicial /
_cJulio Alberto Tarazona Navas
260 _aBogotá, Colombia :
_bEdiciones Doctrina y Ley,
_c2002
300 _a255 páginas ;
_c23 centímetros
521 _aAREA PROFESIONAL
590 _aPrograma de Derecho_18
650 _aDerecho
942 _cBK
_h340.115
_iT178
_2ddc
_n0
999 _c28187
_d28187